| 000 | 00926nam a2200265Ia 4500 | ||
|---|---|---|---|
| 003 | OSt | ||
| 005 | 20221005105124.0 | ||
| 006 | a|||||r|||| 00| 0 | ||
| 007 | ta | ||
| 008 | 221004b |||||||| |||| 00| 0 hin d | ||
| 020 |
_a8188123110 (hbk) _c200 |
||
| 024 | _a105659 | ||
| 037 |
_b12957, 18/03/2011, Kitab Ghar _cTextual |
||
| 040 |
_aCRL _cCRL _bhin |
||
| 041 |
_2hin _ahin |
||
| 082 | _aO152,3N59x, Q0 | ||
| 100 | _aवत्स, श्रीनिवास | ||
| 245 | 0 | _aहिलने लगी धरती | |
| 246 | _aHilane lagī dharatī | ||
| 260 |
_aदिल्ली _bहिमाचल पुस्तक भण्डार भारत _c2010 |
||
| 300 |
_a148पृ0 _ccm. |
||
| 650 | _aहिन्दी साहित्य | ||
| 942 |
_hO152,3N59x, Q0 _cTEXL _2cc |
||
| 999 |
_c1014828 _d1014828 |
||